000 00385nam a2200133Ia 4500
005 20260326100026.0
008 260326s9999||||xx |||||||||||||| ||und||
100 _aNeila González, F. Javier
245 0 _aArquitectura Bioclimática en un entorno Sostenible /
_cF. Javier Neila González
260 _bMunilla-Lería
300 _a443 p.
650 _aARQUITECTURA Y CLIMA
942 _cBK
999 _c6389
_d6389